[Event "IHEM 2009"]
[Site "Hamburg"]
[Date "2009.06.05"]
[Round "7.2"]
[White "Lanka, Zigurds"]
[Black "Bosch, Jeroen"]
[Result "1/2-1/2"]
[WhiteElo "2470"]
[BlackElo "2429"]
[PlyCount "112"]
[EventDate "2009.??.??"]
[EventRounds "9"]
[EventCountry "GER"]
[WhiteTeam "TSV Schott Mainz"]

1. e4 e5 2. Nf3 Nc6 3. Bb5 a6 4. Ba4 Nf6 5. O-O Be7 6. Re1 b5 7. Bb3 d6 8. c3
O-O 9. h3 Na5 10. Bc2 c5 11. d4 Qc7 12. Nbd2 Bd7 13. Nf1 Nc4 14. Ne3 Nxe3 15.
Bxe3 Rfc8 16. Rc1 Bc6 17. Nd2 cxd4 18. cxd4 Qb7 19. d5 Be8 20. Nf1 Bd8 21. Ng3
Bd7 22. Qd2 Bb6 23. Kh2 Qa7 24. Rcd1 a5 25. Bb1 b4 26. Bxb6 Qxb6 27. f4 exf4
28. Qxf4 Re8 29. e5 Rxe5 30. Rxe5 dxe5 31. Qxe5 Re8 32. Qf4 Qe3 33. Qxe3 Rxe3
34. Bd3 g6 35. Be2 Kf8 36. Bf3 Re5 37. Nf1 Ke7 38. Nd2 Bb5 39. Rc1 Kd6 40. Nb3
a4 41. Nd4 Bd7 42. Nc6 Re8 43. Nxb4 Rb8 44. a3 g5 45. Rf1 Rf8 46. Be2 Ne8 47.
Ba6 f5 48. Bb7 Nf6 49. Bc6 f4 50. Kg1 Re8 51. h4 h6 52. hxg5 hxg5 53. g3 Nh5
54. Bxd7 Kxd7 55. gxf4 Nxf4 56. Kf2 Re5 1/2-1/2

[Event "IHEM 2009"]
[Site "Hamburg"]
[Date "2009.06.05"]
[Round "7.3"]
[White "Souleidis, Georgios"]
[Black "Rausis, Igor"]
[Result "0-1"]
[WhiteElo "2427"]
[BlackElo "2492"]
[PlyCount "74"]
[EventDate "2009.??.??"]
[EventRounds "9"]
[EventCountry "GER"]
[WhiteTeam "Sportfreunde Katernberg 1913 e.V"]
[BlackTeam "SC Schwegenheim"]

1. e4 c6 2. d4 d5 3. e5 Bf5 4. Be3 e6 5. Nd2 Nd7 6. Ngf3 Bg6 7. Be2 Nh6 8. O-O
Nf5 9. c4 Nxe3 10. fxe3 Be7 11. Qb3 Qb6 12. Qc3 Qb4 13. Qc1 O-O 14. a3 Qb6 15.
c5 Qc7 16. Qc3 b6 17. b4 bxc5 18. bxc5 Rab8 19. Bd3 Bxd3 20. Qxd3 f6 21. exf6
Bxf6 22. Rab1 e5 23. Rxb8 Qxb8 24. Qa6 Qc7 25. Rb1 e4 26. Rb7 Qc8 27. Ne1 Nxc5
28. dxc5 Bc3 29. Nef3 Qf5 30. Qe2 exf3 31. Nxf3 Qe4 32. Rb3 Bf6 33. Qa6 Qc2 34.
Rb7 Bg5 35. h4 Bxe3+ 36. Kh1 Qd1+ 37. Kh2 Bf4+ 0-1

[Event "IHEM 2009"]
[Site "Hamburg"]
[Date "2009.06.05"]
[Round "7.4"]
[White "Berg, Klaus"]
[Black "Wohl, Aleksandar H"]
[Result "1/2-1/2"]
[WhiteElo "2440"]
[BlackElo "2376"]
[PlyCount "122"]
[EventDate "2009.??.??"]
[EventRounds "9"]
[EventCountry "GER"]
[WhiteTeam "Preetzer TSV"]
[BlackTeam "SK Weilheim"]

1. d4 g6 2. e4 Bg7 3. c4 d6 4. Nc3 e5 5. Nge2 Nf6 6. f3 O-O 7. dxe5 dxe5 8.
Qxd8 Rxd8 9. Nd5 Nxd5 10. cxd5 c6 11. Nc3 cxd5 12. Nxd5 Nc6 13. Bg5 Rd6 14. Rc1
Bd7 15. Bb5 Kh8 16. Kf2 f5 17. Rhd1 Rf8 18. Ne7 Nd4 19. Bxd7 Rxd7 20. exf5 gxf5
21. f4 e4 22. Rc5 b6 23. Rc4 e3+ 24. Ke1 Rfd8 25. Rdc1 Ne6 26. Nxf5 Nxg5 27.
Nxg7 Rxg7 28. fxg5 Rxg5 29. Rc8 Rxc8 30. Rxc8+ Kg7 31. g3 Ra5 32. a3 Rb5 33. b4
a5 34. Rc4 axb4 35. axb4 Rd5 36. Ke2 Rd2+ 37. Kxe3 Rxh2 38. Rc7+ Kg6 39. Rc6+
Kg5 40. Rxb6 Kg4 41. Rb7 Rb2 42. Rg7+ Kf5 43. Rf7+ Kg4 44. Rxh7 Rb3+ 45. Kd2
Kxg3 46. Rb7 Kf4 47. Kc2 Rh3 48. Re7 Kf5 49. Re8 Kf6 50. Re1 Kf7 51. Rb1 Ke7
52. Rd1 Rg3 53. b5 Rg5 54. Rb1 Kd7 55. Kc3 Kc7 56. Kb4 Kb6 57. Ka4 Rg4+ 58. Rb4
Rg1 59. Rh4 Ra1+ 60. Kb4 Rb1+ 61. Kc4 Rc1+ 1/2-1/2

[Event "IHEM 2009"]
[Site "Hamburg"]
[Date "2009.06.05"]
[Round "7.5"]
[White "Fries Nielsen, Jens Ove"]
[Black "Siebrecht, Sebastian"]
[Result "0-1"]
[WhiteElo "2403"]
[BlackElo "2433"]
[PlyCount "78"]
[EventDate "2009.??.??"]
[EventRounds "9"]
[EventCountry "GER"]
[WhiteTeam "Preetzer TSV"]
[BlackTeam "Sportfreunde Katernberg 1913 e.V"]

1. Nf3 Nf6 2. b4 e6 3. a3 c5 4. bxc5 Bxc5 5. e3 b6 6. Bb2 Bb7 7. g4 O-O 8. g5
Ne8 9. Rg1 Be7 10. Bd3 f5 11. gxf6 Bxf6 12. Ne5 Bxe5 13. Bxe5 Bf3 14. Be2 Bxe2
15. Qxe2 Nc6 16. Bb2 Qh4 17. Nc3 Ne5 18. O-O-O Rxf2 19. Qb5 Rf5 20. e4 Rh5 21.
d4 Nf3 22. Qxd7 Qf4+ 23. Kb1 Nxg1 24. Qxe6+ Qf7 25. Qc6 Rd8 26. Rxg1 Rd6 27.
Qa8 Rxh2 28. Nd5 Rg6 29. Rd1 h6 30. Ne3 Kh7 31. e5 Qf4 32. Rd3 Re2 33. Qxe8
Rxe3 34. Rd1 Qe4 35. Qf7 b5 36. d5 Rg2 37. Rc1 Re1 38. Qc7 Rxc1+ 39. Bxc1 Qxd5
0-1

[Event "IHEM 2009"]
[Site "Hamburg"]
[Date "2009.06.05"]
[Round "7.6"]
[White "Bach, Matthias"]
[Black "Kopylov, Mihail"]
[Result "1-0"]
[WhiteElo "2276"]
[BlackElo "2457"]
[PlyCount "77"]
[EventDate "2009.??.??"]
[EventRounds "9"]
[EventCountry "GER"]
[WhiteTeam "Hamburger SK von 1830 eV"]
[BlackTeam "SK Norderstedt von 1975"]

1. d4 Nf6 2. c4 g6 3. Nc3 d5 4. cxd5 Nxd5 5. g3 Bg7 6. Bg2 Nxc3 7. bxc3 c5 8.
e3 Qa5 9. Ne2 cxd4 10. exd4 O-O 11. O-O e5 12. Be3 Rd8 13. Bg5 Re8 14. Re1 Nd7
15. Qb3 Nb6 16. d5 Bd7 17. Be3 Ba4 18. Bxb6 axb6 19. Qb4 Qxb4 20. cxb4 e4 21.
Rac1 Bb5 22. Nc3 Bxc3 23. Rxc3 Rxa2 24. Rc7 Bd3 25. d6 Rd8 26. d7 Rc2 27. Rxb7
f5 28. f3 Kf7 29. fxe4 Rxg2+ 30. Kxg2 Bxe4+ 31. Rxe4 fxe4 32. Kf2 Ke6 33. Rxb6+
Kd5 34. Rb5+ Kd4 35. Rb7 Kd3 36. Ke1 Ra8 37. Ra7 Rd8 38. b5 e3 39. b6 1-0

[Event "IHEM 2009"]
[Site "Hamburg"]
[Date "2009.06.05"]
[Round "7.8"]
[White "Reddmann, Hauke"]
[Black "Bente, Bjoern"]
[Result "1/2-1/2"]
[WhiteElo "2338"]
[BlackElo "2273"]
[PlyCount "76"]
[EventDate "2009.??.??"]
[EventRounds "9"]
[EventCountry "GER"]
[WhiteTeam "SK Wilhelmsburg 1936 eV"]
[BlackTeam "Hamburger SK von 1830 eV"]

1. d4 d5 2. Bf4 Nf6 3. e3 e6 4. c3 c5 5. Nd2 Nc6 6. Ngf3 Bd6 7. Bd3 Bxf4 8.
exf4 cxd4 9. cxd4 Qb6 10. Nb3 a5 11. Qc1 a4 12. Qc5 Qa7 13. Qxa7 Rxa7 14. Nc5
b6 15. Bb5 bxc5 16. Bxc6+ Bd7 17. Bxd7+ Nxd7 18. Ke2 Ke7 19. dxc5 Nxc5 20. Rhc1
Rc8 21. Ke3 Rac7 22. Nd4 Kd7 23. Rc2 Na6 24. Rxc7+ Rxc7 25. b3 Nb4 26. bxa4
Rc3+ 27. Ke2 Ra3 28. Nb5 Rxa4 29. a3 Nc6 30. g3 Na5 31. Nc3 Rc4 32. Kd3 Nb7 33.
Rb1 Kc6 34. Rb4 Rxb4 35. axb4 Nd6 36. f3 Nb5 37. Ne2 Kd6 38. g4 Na7 1/2-1/2

[Event "IHEM 2009"]
[Site "Hamburg"]
[Date "2009.06.05"]
[Round "7.9"]
[White "Pajeken, Wolfgang"]
[Black "Putzbach, Gerd"]
[Result "1/2-1/2"]
[WhiteElo "2317"]
[BlackElo "2286"]
[PlyCount "68"]
[EventDate "2009.??.??"]
[EventRounds "9"]
[EventCountry "GER"]
[WhiteTeam "Hamburger SK von 1830 eV"]
[BlackTeam "Niendorfer TSV 1919 SAbt"]

1. Nf3 d5 2. d4 e6 3. c4 f5 4. Nc3 Nf6 5. Bf4 c6 6. e3 Nbd7 7. Bd3 Ne4 8. Bxe4
fxe4 9. Ne5 Nf6 10. g4 Nd7 11. f3 exf3 12. Qxf3 Bb4 13. Bg3 Qf6 14. Qe2 O-O 15.
a3 Bxc3+ 16. bxc3 Nxe5 17. Bxe5 Qg6 18. Bd6 Rf7 19. Rf1 b6 20. Rxf7 Qxf7 21. c5
bxc5 22. dxc5 a5 23. Qf2 Ba6 24. Qxf7+ Kxf7 25. Rb1 Bb5 26. Kf2 Kf6 27. Kg3 e5
28. Rb2 Ke6 29. Rf2 Bd3 30. h4 a4 31. Rb2 Bb5 32. Rf2 Bd3 33. Rb2 Bb5 34. Rf2
Bd3 1/2-1/2

[Event "IHEM 2009"]
[Site "Hamburg"]
[Date "2009.06.05"]
[Round "7.11"]
[White "Ritscher, Jan Paul"]
[Black "Mueller, Joerg"]
[Result "1-0"]
[WhiteElo "2295"]
[BlackElo "2098"]
[PlyCount "101"]
[EventDate "2009.??.??"]
[EventRounds "9"]
[EventCountry "GER"]
[WhiteTeam "SF Hamburg eV 1934"]
[BlackTeam "SV Eidelstedt"]

1. d4 Nf6 2. c4 e6 3. Nf3 c5 4. Nc3 cxd4 5. Nxd4 d6 6. e4 Be7 7. Be2 O-O 8. O-O
a6 9. f4 Nbd7 10. Be3 Qc7 11. Rc1 b6 12. Bf3 Bb7 13. f5 e5 14. Nd5 Qd8 15. Ne2
Nxd5 16. cxd5 a5 17. Qd2 Ba6 18. Rfe1 Nc5 19. Red1 h6 20. Nc3 Re8 21. Be2 Bxe2
22. Qxe2 Bg5 23. Nb5 Bxe3+ 24. Qxe3 Rc8 25. Qe2 Qe7 26. b3 Red8 27. Rc3 Qh4 28.
Re1 Ra8 29. a3 Rd7 30. g3 Qd8 31. Rb1 a4 32. b4 Nb3 33. Rc6 Rb8 34. Rb2 Qg5 35.
Kg2 Kh7 36. h4 Qf6 37. Qd3 Kg8 38. Rbc2 h5 39. Rc8+ Rxc8 40. Rxc8+ Kh7 41. Rc6
g6 42. Qf3 Qd8 43. Qf2 Kg7 44. fxg6 fxg6 45. Qxb6 Qxb6 46. Rxb6 Nd2 47. Rxd6
Rb7 48. Nc3 Nc4 49. Rc6 Nxa3 50. d6 Kf8 51. Rc8+ 1-0

[Event "IHEM 2009"]
[Site "Hamburg"]
[Date "2009.06.05"]
[Round "7.12"]
[White "Strobel, Holger"]
[Black "Jacoby, Gisbert"]
[Result "0-1"]
[WhiteElo "2255"]
[BlackElo "2196"]
[PlyCount "44"]
[EventDate "2009.??.??"]
[EventRounds "9"]
[EventCountry "GER"]
[WhiteTeam "SK Union Eimsbüttel eV"]
[BlackTeam "Königsspringer SC.1984 e.V."]

1. d4 d5 2. c4 dxc4 3. Nc3 a6 4. a4 e5 5. e3 exd4 6. exd4 Nc6 7. Be3 Na5 8. Qh5
c6 9. Rd1 Nf6 10. Qg5 h6 11. Qg3 Bd6 12. f4 Be7 13. Be2 O-O 14. d5 c5 15. Kf2
b5 16. Bf3 b4 17. Nb1 Bf5 18. Nh3 Re8 19. Rhe1 Qd7 20. Kf1 Qxa4 21. Nf2 c3 22.
bxc3 Nc4 0-1

[Event "IHEM 2009"]
[Site "Hamburg"]
[Date "2009.06.05"]
[Round "7.13"]
[White "Kull, Florian"]
[Black "Foerster, Andreas"]
[Result "0-1"]
[WhiteElo "2167"]
[BlackElo "2214"]
[PlyCount "78"]
[EventDate "2009.??.??"]
[EventRounds "9"]
[EventCountry "GER"]
[WhiteTeam "SF Hamburg eV 1934"]
[BlackTeam "SK Union Eimsbüttel eV"]

1. c4 c5 2. Nc3 Nc6 3. g3 g6 4. Bg2 Bg7 5. a3 e5 6. b4 d6 7. Rb1 Nge7 8. e3 O-O
9. Nge2 Bf5 10. d3 Qd7 11. Nd5 Nxd5 12. cxd5 Nd8 13. h4 Qc8 14. e4 Bd7 15. Be3
b6 16. Qd2 f5 17. h5 Qa6 18. hxg6 hxg6 19. bxc5 bxc5 20. Bh6 Nf7 21. Bxg7 Kxg7
22. Qc3 Rab8 23. Kd2 Rh8 24. Rxb8 Rxb8 25. f4 Qa4 26. Nc1 Qd4 27. Qxd4 exd4 28.
Bf3 Rb2+ 29. Ke1 fxe4 30. Bxe4 Bg4 31. a4 Nh6 32. Rg1 Rc2 33. Nb3 Re2+ 34. Kf1
Re3 35. Kf2 Re2+ 36. Kf1 Rb2 37. Na5 Nf5 38. Nc4 Ne3+ 39. Nxe3 dxe3 0-1

[Event "IHEM 2009"]
[Site "Hamburg"]
[Date "2009.06.05"]
[Round "7.14"]
[White "Lindinger, Markus"]
[Black "Kopisch, Martin"]
[Result "1-0"]
[WhiteElo "2283"]
[BlackElo "2142"]
[PlyCount "59"]
[EventDate "2009.??.??"]
[EventRounds "9"]
[EventCountry "GER"]
[WhiteTeam "Hamburger SK von 1830 eV"]
[BlackTeam "Bille SC von 1924 e.V."]

1. e4 c6 2. d3 g6 3. g3 Bg7 4. Bg2 d5 5. Nd2 e5 6. Ngf3 Ne7 7. O-O O-O 8. Re1
Qc7 9. c3 h6 10. Qe2 dxe4 11. dxe4 Be6 12. a4 Nd7 13. Bf1 Rfd8 14. Nc4 b5 15.
axb5 cxb5 16. Na5 a6 17. Be3 Rab8 18. Qc2 Nc5 19. Nd2 Rd6 20. c4 Nb7 21. Nxb7
Rxb7 22. c5 Qc6 23. Nb3 Bxb3 24. Qxb3 Rf6 25. Red1 Rd7 26. Rxa6 Qxa6 27. Rxd7
Nc6 28. Bxb5 Qc8 29. Qd5 Kh7 30. Bxc6 1-0

[Event "IHEM 2009"]
[Site "Hamburg"]
[Date "2009.06.05"]
[Round "7.15"]
[White "Dalakian, Haroutioun"]
[Black "Schulz, Hans Juergen"]
[Result "1/2-1/2"]
[WhiteElo "2130"]
[BlackElo "2013"]
[PlyCount "37"]
[EventDate "2009.??.??"]
[EventRounds "9"]
[EventCountry "GER"]
[WhiteTeam "Hamburger SK von 1830 eV"]
[BlackTeam "Hamburger SK von 1830 eV"]

1. d4 d5 2. c4 e6 3. Nf3 c5 4. cxd5 exd5 5. Nc3 Nc6 6. g3 cxd4 7. Nxd4 Bc5 8.
Nb3 Bb4 9. Bd2 Nge7 10. Bg2 O-O 11. O-O Be6 12. a3 Bd6 13. Be3 Be5 14. Nd4 Qd7
15. Rc1 Rac8 16. Nf3 Bxc3 17. Rxc3 Rfd8 18. Nd4 Bh3 19. Nxc6 1/2-1/2

[Event "IHEM 2009"]
[Site "Hamburg"]
[Date "2009.06.05"]
[Round "7.16"]
[White "Maahs, Erich"]
[Black "Hawranke, Dietrich"]
[Result "0-1"]
[WhiteElo "2168"]
[BlackElo "2176"]
[PlyCount "172"]
[EventDate "2009.??.??"]
[EventRounds "9"]
[EventCountry "GER"]
[WhiteTeam "SC Concordia SAbt Palamedes"]
[BlackTeam "Pinneberger SC 1932 eV"]

1. e4 c5 2. Nc3 Nc6 3. f4 g6 4. Nf3 Bg7 5. Bb5 Nd4 6. O-O Nxb5 7. Nxb5 d6 8. c4
Nf6 9. d3 O-O 10. Kh1 a6 11. Nc3 Rb8 12. Bd2 b5 13. b3 b4 14. Ne2 Bb7 15. Rc1
e6 16. f5 exf5 17. exf5 Qd7 18. Ng3 Qc6 19. Bg5 h6 20. Bxf6 Bxf6 21. Ne4 Be5
22. Qd2 Kh7 23. Qe3 Qe8 24. Nxe5 Qxe5 25. Rf4 g5 26. Rf3 Rbe8 27. Re1 f6 28.
Rff1 Kg7 29. Qh3 d5 30. cxd5 Bxd5 31. Qh5 Bf7 32. Qd1 Qd4 33. Qc2 Re5 34. Rc1
Rc8 35. h3 Bd5 36. Rce1 Rce8 37. Rc1 Rc8 38. Rfe1 Rxf5 39. Rf1 Bxe4 40. dxe4
Re5 41. Qe2 Qxe4 42. Qxa6 Qc6 43. Qxc6 Rxc6 44. Rc2 Kg6 45. Kg1 Rce6 46. Rc4 f5
47. Rfc1 Re1+ 48. Rxe1 Rxe1+ 49. Kf2 Re5 50. Rc2 f4 51. Rd2 h5 52. g3 fxg3+ 53.
Kxg3 Kf5 54. Kf3 g4+ 55. hxg4+ hxg4+ 56. Kf2 Kf4 57. Rd3 Rf5 58. Rd8 Rf6 59.
Rd2 Rh6 60. Kg2 g3 61. Rd5 Rh2+ 62. Kg1 Rc2 63. Kf1 Rxa2 64. Rxc5 Rb2 65. Rc8
Rxb3 66. Rf8+ Ke4 67. Kg2 Kd4 68. Rd8+ Kc3 69. Kxg3 Kb2+ 70. Kf2 Rc3 71. Ke2 b3
72. Kd2 Rc5 73. Rd6 Rc2+ 74. Kd1 Kb1 75. Rd7 Rc6 76. Kd2 Kb2 77. Rd8 Rc2+ 78.
Kd1 Rh2 79. Rd7 Kb1 80. Rd8 Rh3 81. Rd7 Rh6 82. Rd8 Ra6 83. Rd7 b2 84. Rb7 Ka2
85. Kc2 Rc6+ 86. Kd2 Ra6 0-1

[Event "IHEM 2009"]
[Site "Hamburg"]
[Date "2009.06.05"]
[Round "7.17"]
[White "Sechting, Martin"]
[Black "Weiss, Siegfried"]
[Result "1-0"]
[WhiteElo "2121"]
[BlackElo "2038"]
[PlyCount "91"]
[EventDate "2009.??.??"]
[EventRounds "9"]
[EventCountry "GER"]
[WhiteTeam "Hamburger SK von 1830 eV"]
[BlackTeam "Königsspringer SC.1984 e.V."]

1. d4 e6 2. e4 d5 3. e5 c5 4. c3 Nc6 5. Nf3 Qb6 6. a3 c4 7. Nbd2 Na5 8. Rb1 Bd7
9. Be2 Ne7 10. b4 cxb3 11. c4 Ba4 12. c5 Qc6 13. Bb2 Qc7 14. Nf1 Nec6 15. Qd2
Be7 16. Ne3 b6 17. cxb6 Qxb6 18. O-O O-O 19. Rfc1 Bb5 20. Bxb5 Qxb5 21. Rc3 Nc4
22. Rxc4 dxc4 23. d5 exd5 24. Nf5 f6 25. e6 d4 26. N3xd4 Rfd8 27. Qf4 Nxd4 28.
Nxe7+ Kf8 29. Bxd4 Kxe7 30. Qc7+ Kxe6 31. Re1+ Kf5 32. Bxf6 Rd7 33. g4+ Kg6 34.
Qf4 Rf8 35. Qe4+ Kxf6 36. Qe6+ Kg5 37. Re5+ Qxe5 38. Qxe5+ Kxg4 39. h3+ Kh4 40.
Qg3+ Kh5 41. Qg4+ Kh6 42. Qxd7 Rf4 43. Qxa7 g6 44. Qe3 g5 45. a4 b2 46. Qb6+
1-0

[Event "IHEM 2009"]
[Site "Hamburg"]
[Date "2009.06.06"]
[Round "8.2"]
[White "Siebrecht, Sebastian"]
[Black "Bosch, Jeroen"]
[Result "1/2-1/2"]
[WhiteElo "2433"]
[BlackElo "2429"]
[PlyCount "68"]
[EventDate "2009.??.??"]
[EventRounds "9"]
[EventCountry "GER"]

1. d4 d5 2. Nf3 Bg4 3. Nbd2 Nd7 4. h3 Bh5 5. e4 dxe4 6. Nxe4 e6 7. c3 Ngf6 8.
Ng3 Bg6 9. Nh4 c5 10. Nxg6 hxg6 11. Bb5 a6 12. Ba4 cxd4 13. Qxd4 b5 14. Bc2 Bc5
15. Qf4 Qb6 16. O-O Rd8 17. Qf3 O-O 18. Bg5 Ne5 19. Qe2 Nc4 20. Ne4 Be7 21.
Rfe1 Rfe8 22. Bc1 Nxe4 23. Bxe4 Bf6 24. a4 Rd7 25. axb5 axb5 26. Bd3 Qc7 27. g3
Red8 28. Be4 Nxb2 29. Bxb2 Rd2 30. Qxb5 Rb8 31. Qxb8+ Qxb8 32. Ra8 Qxa8 33.
Bxa8 Rxb2 34. Rc1 Be7 1/2-1/2

[Event "IHEM 2009"]
[Site "Hamburg"]
[Date "2009.06.06"]
[Round "8.5"]
[White "Wohl, Aleksandar H"]
[Black "Souleidis, Georgios"]
[Result "1-0"]
[WhiteElo "2376"]
[BlackElo "2427"]
[PlyCount "85"]
[EventDate "2009.??.??"]
[EventRounds "9"]
[EventCountry "GER"]

1. c4 Nf6 2. Nc3 g6 3. g3 Bg7 4. Bg2 O-O 5. Nf3 d6 6. O-O a6 7. d3 c6 8. h3 b5
9. e4 Qc7 10. Bg5 Nbd7 11. Qd2 Bb7 12. Rac1 b4 13. Ne2 c5 14. Bh6 Ne5 15. Ne1
Nc6 16. Bxg7 Kxg7 17. f4 a5 18. Nf3 Rae8 19. g4 Nd7 20. Ng3 Nf6 21. Ne2 Nd7 22.
Ng3 e6 23. Rce1 Nd4 24. Nxd4 cxd4 25. e5 Bxg2 26. exd6 Qxd6 27. Qxg2 Nc5 28.
Ne4 Nxe4 29. Qxe4 f6 30. Kg2 Rf7 31. g5 Ref8 32. gxf6+ Rxf6 33. Qe5 Qc6+ 34.
Re4 Kg8 35. Qxa5 g5 36. Kh2 gxf4 37. Qe5 f3 38. Rf4 Rg6 39. Rxf8+ Kxf8 40. Qh8+
Kf7 41. Qxh7+ Kf6 42. Qh4+ Kf5 43. Qh5+ 1-0

[Event "IHEM 2009"]
[Site "Hamburg"]
[Date "2009.06.06"]
[Round "8.7"]
[White "Carlstedt, Jonathan"]
[Black "Ritscher, Jan Paul"]
[Result "1/2-1/2"]
[WhiteElo "2322"]
[BlackElo "2295"]
[PlyCount "75"]
[EventDate "2009.??.??"]
[EventRounds "9"]
[EventCountry "GER"]

1. c4 c5 2. g3 Nc6 3. Bg2 e5 4. Nc3 g6 5. a3 Bg7 6. b4 cxb4 7. axb4 Nxb4 8. Ba3
Bf8 9. Nf3 Nc6 10. Bxf8 Kxf8 11. d4 exd4 12. Nxd4 Nxd4 13. Qxd4 Qf6 14. Qxf6
Nxf6 15. Nb5 a6 16. Nd6 Ke7 17. c5 Rb8 18. O-O Ne8 19. Nxc8+ Rxc8 20. Bxb7 Rxc5
21. Bxa6 Nf6 22. Bd3 Rhc8 23. Rfb1 R8c7 24. Kg2 h5 25. Rb8 Rc8 26. Raa8 Rxb8
27. Rxb8 Rc7 28. f3 Ra7 29. h3 Ne8 30. g4 Ng7 31. h4 Ne6 32. Kg3 hxg4 33. fxg4
Nc5 34. Bb1 Ra3+ 35. Kg2 Rb3 36. Rxb3 Nxb3 37. Kf2 f5 38. gxf5 1/2-1/2

[Event "IHEM 2009"]
[Site "Hamburg"]
[Date "2009.06.06"]
[Round "8.11"]
[White "Hebbinghaus, Holger"]
[Black "Foerster, Andreas"]
[Result "1-0"]
[WhiteElo "2298"]
[BlackElo "2214"]
[PlyCount "64"]
[EventDate "2009.??.??"]
[EventRounds "9"]
[EventCountry "GER"]

1. e4 c5 2. Nf3 Nc6 3. d4 cxd4 4. Nxd4 Nf6 5. Nc3 e6 6. Ndb5 Bb4 7. a3 Bxc3+ 8.
Nxc3 d5 9. exd5 exd5 10. Bd3 d4 11. Ne2 Bf5 12. Bxf5 Qa5+ 13. c3 dxc3 14. O-O
Qxf5 15. Ng3 Qd5 16. Re1+ Kf8 17. Qc2 Qc4 18. bxc3 h6 19. Nf5 Rd8 20. Bb2 Nd4
21. Rad1 Nc6 22. Nd6 Qg4 23. c4 Ne8 24. h3 Qf4 25. Rxe8+ Rxe8 26. Nxe8 Kxe8 27.
Bxg7 Rg8 28. Qd3 Rxg7 29. Qd7+ Kf8 30. Qc8+ Ke7 31. Qxb7+ Kf8 32. Qc8+ Ke7 1-0

[Event "IHEM 2009"]
[Site "Hamburg"]
[Date "2009.06.05"]
[Round "8.13"]
[White "Mueller, Joerg"]
[Black "Kull, Florian"]
[Result "0-1"]
[WhiteElo "2098"]
[BlackElo "2167"]
[PlyCount "132"]
[EventDate "2009.??.??"]
[EventRounds "9"]
[EventCountry "GER"]
[WhiteTeam "SV Eidelstedt"]
[BlackTeam "SF Hamburg eV 1934"]

1. e4 e6 2. d3 d5 3. Nd2 Nf6 4. Ngf3 Nc6 5. Be2 Bd6 6. O-O O-O 7. Re1 a5 8. Bf1
e5 9. h3 h6 10. exd5 Nxd5 11. Nc4 Re8 12. Nxd6 Qxd6 13. g3 Bf5 14. Bg2 Rad8 15.
a3 Nd4 16. Bd2 b6 17. Nxd4 exd4 18. Qf3 Be6 19. Re2 Qd7 20. Rae1 c5 21. Qh5 Nf6
22. Qh4 Nh7 23. Re5 f6 24. R5e2 Bf7 25. Qg4 Qxg4 26. hxg4 g5 27. Be4 Nf8 28.
Bc6 Rxe2 29. Rxe2 Rd6 30. Be4 Re6 31. b4 cxb4 32. axb4 a4 33. b5 Re5 34. c4
dxc3 35. Bxc3 Rxb5 36. Bxf6 a3 37. d4 a2 38. Re1 Nd7 39. Be7 Bd5 40. Bxd5+ Rxd5
41. Ra1 Ra5 42. f4 Kf7 43. Bb4 Ra4 44. Bc3 Ra3 45. Bb2 Rxg3+ 46. Kf2 gxf4 47.
Rxa2 Nf6 48. d5 Nxd5 49. Be5 Rxg4 50. Rd2 Ke6 51. Re2 Ne3 52. Bxf4 Rxf4+ 53.
Kxe3 Rf5 54. Kd4+ Kf6 55. Rh2 h5 56. Ke4 b5 57. Rc2 b4 58. Rc8 Rb5 59. Rf8+ Ke7
60. Rf2 b3 61. Rb2 h4 62. Kd3 Kf6 63. Kc3 h3 64. Rf2+ Kg5 65. Kb2 Kg4 66. Rf8
h2 0-1

[Event "IHEM 2009"]
[Site "Hamburg"]
[Date "2009.06.05"]
[Round "8.14"]
[White "Dalakian, Haroutioun"]
[Black "Strobel, Holger"]
[Result "1-0"]
[WhiteElo "2130"]
[BlackElo "2255"]
[PlyCount "75"]
[EventDate "2009.??.??"]
[EventRounds "9"]
[EventCountry "GER"]
[WhiteTeam "Hamburger SK von 1830 eV"]
[BlackTeam "SK Union Eimsbüttel eV"]

1. e4 d6 2. d4 Nf6 3. Nc3 g6 4. Be3 Bg7 5. Qd2 c6 6. h3 O-O 7. Nf3 b5 8. Bd3
Nbd7 9. O-O Nb6 10. Bh6 Nc4 11. Bxc4 bxc4 12. Rfe1 Rb8 13. Rab1 Qc7 14. Bxg7
Kxg7 15. e5 Ne8 16. Ne4 Rb5 17. Qe2 Qb6 18. b3 cxb3 19. axb3 Rb4 20. exd6 exd6
21. Nxd6 Nxd6 22. Qe5+ Kg8 23. Qxd6 Bf5 24. Re2 Rb5 25. Rbe1 Rd5 26. Qf4 Kg7
27. g4 Bc8 28. Re8 Rd8 29. Qe5+ Kg8 30. Re7 h5 31. Re4 Rd5 32. Qf4 Qd8 33. Qe3
Bd7 34. Qh6 c5 35. Ng5 Rxg5 36. Qxg5 Bc6 37. R4e6 Be8 38. Qh6 1-0

[Event "IHEM 2009"]
[Site "Hamburg"]
[Date "2009.06.05"]
[Round "8.15"]
[White "Schulz, Hans Juergen"]
[Black "Sechting, Martin"]
[Result "1-0"]
[WhiteElo "2013"]
[BlackElo "2121"]
[PlyCount "87"]
[EventDate "2009.??.??"]
[EventRounds "9"]
[EventCountry "GER"]
[WhiteTeam "Hamburger SK von 1830 eV"]
[BlackTeam "Hamburger SK von 1830 eV"]

1. e4 c5 2. b4 cxb4 3. Bb2 Nc6 4. d4 d5 5. exd5 Qxd5 6. c4 bxc3 7. Nxc3 Qxd4 8.
Nd5 Qe4+ 9. Be2 Bd7 10. Nc7+ Kd8 11. Nxa8 e5 12. a3 Qxg2 13. Bf3 Qg6 14. Ne2 e4
15. Rg1 exf3 16. Rxg6 hxg6 17. Nd4 Kc8 18. Nxc6 Bxc6 19. Be5 Nf6 20. Qd4 Nd7
21. Rc1 Bxa3 22. Rxc6+ bxc6 23. Qxa7 Bb4+ 24. Kf1 Kd8 25. Bc7+ Ke8 26. Qe3+ Kf8
27. Qd4 Rh5 28. Qxb4+ Kg8 29. Ke1 Nc5 30. Qb8+ Kh7 31. Nb6 Ne4 32. Qd8 Rg5 33.
Bg3 Nf6 34. Nd7 Rf5 35. Ne5 Nh5 36. Nxc6 Rc5 37. Nd4 Rc3 38. Kd2 Ra3 39. Qd5
Nf6 40. Qxf7 Ne4+ 41. Kc2 Rc3+ 42. Kb2 Rc5 43. Ne6 Rb5+ 44. Ka3 1-0

[Event "IHEM 2009"]
[Site "Hamburg"]
[Date "2009.06.05"]
[Round "8.16"]
[White "Weiss, Siegfried"]
[Black "Maahs, Erich"]
[Result "0-1"]
[WhiteElo "2038"]
[BlackElo "2168"]
[PlyCount "152"]
[EventDate "2009.??.??"]
[EventRounds "9"]
[EventCountry "GER"]
[WhiteTeam "Königsspringer SC.1984 e.V."]
[BlackTeam "SC Concordia SAbt Palamedes"]

1. e3 e5 2. c4 c5 3. Nc3 Nc6 4. g3 g6 5. Bg2 Bg7 6. Nge2 Nge7 7. a3 a5 8. Nb5
d6 9. d4 cxd4 10. exd4 Bg4 11. d5 Na7 12. Nxa7 Rxa7 13. Be3 b6 14. Qa4+ Bd7 15.
Qb3 Nc8 16. O-O O-O 17. Nc3 f5 18. f4 e4 19. Rac1 Bf6 20. Rf2 Be8 21. Rfc2 Kh8
22. Ne2 Rg7 23. Nd4 Bd7 24. Rf2 Rgg8 25. Qd1 Qe7 26. Qd2 Qf7 27. Bf1 h6 28. b4
axb4 29. axb4 Be7 30. Be2 Kh7 31. Kh1 Rg7 32. Rcf1 Qg8 33. b5 Bf6 34. Ra1 Rgf7
35. Ra6 Bd8 36. Bd1 Re8 37. Bc2 Qg7 38. Bd1 Rff8 39. Ra3 Qg8 40. Ne2 Rf7 41.
Rf1 Qg7 42. Ra6 Qg8 43. Bd4 Qf8 44. Bc2 Qg8 45. Be3 Qg7 46. Nc3 Kg8 47. Ra3 g5
48. Ne2 Bf6 49. Rb3 Qg6 50. Nc3 Rg7 51. Rbb1 Rh7 52. Na4 Bd8 53. h3 Rg7 54. Qg2
Qh5 55. Bd1 Qf7 56. Qe2 Re7 57. Qf2 Qg6 58. Be2 Re8 59. Rg1 Kh7 60. Rbf1 Qf7
61. Qe1 Reg8 62. Qd1 Qf8 63. Bd4 Re7 64. Bh5 Be8 65. Bxe8 Rxe8 66. g4 e3 67.
Rg2 Qe7 68. Qb1 Qe4 69. Nc3 Qxb1 70. Rxb1 gxf4 71. Rf1 Bg5 72. h4 Bxh4 73. Rxf4
fxg4 74. Rgxg4 Rxg4 75. Rxg4 Bg5 76. Kg2 e2 0-1